000 00614nam a2200133 a 4500
008 120416s1982 xx |||||||||||||| || u
050 _aNK 1710 Pra
100 _aPraz, Mario
245 1 3 _aAn illustrated history of interior decoration from Pompeli to art Nouveau
260 _c1982
350 _a0.00
995 _aANNEX COLLECTION (Main Library)
_D0.00
_e711531
_FCBU-MAIN LIBRARY (Kitwe)
_H1
_I40.00
_jNK 1710 Pra
_UAVAILABLE
_y019044
_ZAnnex Low-Usage Collection
995 _aANNEX COLLECTION (Main Library)
_D0.00
_e707570
_FCBU-MAIN LIBRARY (Kitwe)
_H2
_I40.00
_jNK 1710 Pra
_UAVAILABLE
_y019043
_ZAnnex Low-Usage Collection
999 _c76396
_d76396